01065nam a2200193Ia 4500001000900000003001000009008004100019040002500060041001200085100004300097245003400140250001100174260002100185300001000206500026200216501011400478520026200592650001700854L780-268IT-CnALBA170116s9999||||xx |||||||||||||| ||und|| aIT-CnALBAcIT-CnALBA aLATINO  aCampodonico G. B. Compositore Musicale 0aTANTUM ERGO a 3 Voci dispari. a1a ed. aS.C.bS.e.cn.d. a2 p.  aComp. Campodonico G. B. TANTUM ERGO a 3 Voci dispari. Dedica: Al Rev.mo Mons. Luigi Solari, Vice Rettore dell'Almo Collegio Capranica in Roma. Copia Ciclostilata. Giovanni Battista Campodonico (Lavagna, 20 gennaio 1892 - Chiavari, 11 maggio 1958) è stato aSocietà San Paolo EM - Piazza San Paolo, 14 - 12051 ALBA (CN) (non commercial uses only) ® Copyright 2017 aComp. Campodonico G. B. TANTUM ERGO a 3 Voci dispari. Dedica: Al Rev.mo Mons. Luigi Solari, Vice Rettore dell'Almo Collegio Capranica in Roma. Copia Ciclostilata. Giovanni Battista Campodonico (Lavagna, 20 gennaio 1892 - Chiavari, 11 maggio 1958) è stato aMusica Sacra